[Event "European Blitz 2016"]
[Site "Tallinn EST"]
[Date "2016.12.17"]
[Round "2.30"]
[White "Turov, Maxim"]
[Black "Zavgorodniaya, Alena"]
[Result "1-0"]
[WhiteTitle "GM"]
[WhiteElo "2594"]
[BlackElo "2032"]
[WhiteFideId "4120086"]
[BlackFideId "4169956"]
[EventDate "2016.12.17"]

1. d4 d5 2. c4 c6 3. Nc3 Nf6 4. e3 e6 5. Nf3 Nbd7 6. Qc2 Be7 7. g4 h6 8. Rg1 b6
9. h4 dxc4 10. Bxc4 Nd5 11. Bd2 Bb7 12. O-O-O Qc7 13. Nxd5 exd5 14. Bd3 O-O-O
15. Kb1 Kb8 16. Rc1 Ka8 17. Qa4 Qd6 18. Rc3 g5 19. Ra3 Qb8 20. Bb4 Bxb4 21. Qxb4
gxh4 22. Qe7 Rhf8 23. Qxh4 Qd6 24. Qg3 Qxg3 25. Rxg3 c5 26. Bf5 Bc8 27. Rc3 c4
28. Rh3 Rh8 29. Rc1 Nf6 30. Bxc8 Rxc8 31. Ne5 Rcg8 32. f3 Rh7 33. Rch1 Rgh8 34.
a4 Kb7 35. Kc2 a6 36. Kc3 b5 37. axb5 axb5 38. Kb4 Kb6 39. Ra1 h5 40. g5 Ne8 41.
Nd7+ Kc6 42. Ra7 Nc7 43. Nf6 Rg7 44. f4 Ra8 45. Rxa8 Nxa8 46. Rxh5 Nb6 47. Rh8
Na4 48. b3 cxb3 49. Kxb3 Nb6 50. Re8 Nc4 51. Kb4 Nd6 52. Re7 Nf5 53. Re5 Rg6 54.
Rxf5 1-0

[Event "European Blitz 2016"]
[Site "Tallinn EST"]
[Date "2016.12.17"]
[Round "2.31"]
[White "Vahtra, Tuuli"]
[Black "Jankovic, Alojzije"]
[Result "0-1"]
[WhiteTitle "WFM"]
[BlackTitle "GM"]
[WhiteElo "2020"]
[BlackElo "2591"]
[WhiteFideId "4502060"]
[BlackFideId "14505959"]
[EventDate "2016.12.17"]

1. f4 d5 2. Nf3 g6 3. e3 Bg7 4. Be2 c5 5. d4 Nc6 6. O-O Nh6 7. c3 Nf5 8. dxc5
O-O 9. Bd3 a5 10. Nd4 e6 11. Nxf5 exf5 12. Qf3 Qe7 13. Nd2 a4 14. c4 dxc4 15.
Nxc4 Qxc5 16. Bd2 Rd8 17. Be2 a3 18. Bc3 axb2 19. Bxb2 Bxb2 20. Nxb2 Re8 21. Nc4
Be6 22. Ne5 Nxe5 23. fxe5 Qxe5 24. Bd3 Bd5 25. Qf4 Qxe3+ 26. Qxe3 Rxe3 0-1

[Event "European Blitz 2016"]
[Site "Tallinn EST"]
[Date "2016.12.17"]
[Round "3.1"]
[White "Remmel, Anto"]
[Black "Mamedov, Rauf"]
[Result "0-1"]
[BlackTitle "GM"]
[WhiteElo "2243"]
[BlackElo "2688"]
[WhiteFideId "4500415"]
[BlackFideId "13401653"]
[EventDate "2016.12.17"]

1. e4 c5 2. c3 d6 3. Nf3 Nf6 4. h3 g6 5. Bd3 Bg7 6. Bc2 O-O 7. d4 Nc6 8. O-O e5
9. dxe5 dxe5 10. Qxd8 Rxd8 11. Be3 b6 12. Nbd2 Nh5 13. Rfe1 Nf4 14. Bxf4 exf4
15. Rad1 Be6 16. Bb3 h6 17. Bxe6 fxe6 18. Kf1 Kf7 19. Ke2 Ke7 20. Nf1 b5 21.
Rxd8 Rxd8 22. N1d2 b4 23. Rc1 Rc8 24. Nc4 Rb8 25. Rc2 a5 26. Ne1 a4 27. Nd3 a3
28. bxa3 Bxc3 29. Rc1 Nd4+ 30. Kf1 g5 31. Nce5 Ra8 32. Nxc5 Rxa3 33. Ncd3 Rxa2
34. Rb1 b3 0-1

[Event "European Blitz 2016"]
[Site "Tallinn EST"]
[Date "2016.12.17"]
[Round "3.2"]
[White "Navara, David"]
[Black "Sivan, Yaacov"]
[Result "0-1"]
[WhiteTitle "GM"]
[BlackTitle "IM"]
[WhiteElo "2725"]
[BlackElo "2370"]
[WhiteFideId "309095"]
[BlackFideId "2800730"]
[EventDate "2016.12.17"]

1. d4 Nf6 2. c4 c5 3. d5 e5 4. Nc3 d6 5. e4 Be7 6. g3 O-O 7. Bg2 a6 8. Nge2 Nh5
9. O-O g6 10. Bh6 Ng7 11. f4 exf4 12. gxf4 Bg4 13. Qd3 Nd7 14. Ng3 f5 15. h3
fxe4 16. Ncxe4 Bf5 17. Nxf5 Rxf5 18. Bf3 Rf7 19. Bg4 Nf5 20. Bg5 h6 21. Bxe7
Qxe7 22. Rae1 Qf8 23. Kh2 Re8 24. Rg1 Kh7 25. Re2 Nf6 26. Bxf5 gxf5 27. Nxf6+
Rxf6 28. Reg2 Re7 29. Qd1 Qe8 30. a4 b6 31. b3 a5 32. Qf3 Qf7 33. Rg3 Qe8 34.
R1g2 Qf7 35. Qd1 Qe8 36. Qg1 Re2 37. Rg7+ Kh8 38. Rb7 0-1

[Event "European Blitz 2016"]
[Site "Tallinn EST"]
[Date "2016.12.17"]
[Round "3.3"]
[White "Kavalenia, Leonid"]
[Black "Ponomariov, Ruslan"]
[Result "0-1"]
[BlackTitle "GM"]
[WhiteElo "2280"]
[BlackElo "2709"]
[WhiteFideId "4144732"]
[BlackFideId "14103320"]
[EventDate "2016.12.17"]

1. d4 Nf6 2. Bg5 e6 3. Nc3 h6 4. Bh4 d5 5. e4 Bb4 6. Bxf6 Qxf6 7. e5 Qe7 8. a3
Bxc3+ 9. bxc3 Bd7 10. Qg4 f5 11. exf6 gxf6 12. Bd3 Nc6 13. Qh5+ Kd8 14. Ne2 Qg7
15. O-O Qg5 16. Ng3 Qxh5 17. Nxh5 Ke7 18. Rab1 b6 19. f4 f5 20. Rfe1 Kd6 21. Bb5
Raf8 22. Bxc6 Bxc6 23. Re2 Be8 24. Ng3 h5 25. Nf1 h4 26. Nd2 Bh5 27. Re3 Rhg8
28. Rbe1 Rf6 29. c4 Rg4 30. g3 hxg3 31. hxg3 Rg7 32. Kf2 c5 33. c3 Bg4 34. Rh1
cxd4 35. cxd4 Rc7 36. Rc3 Rff7 37. Ke3 Rh7 38. c5+ bxc5 39. dxc5+ Rxc5 40. Rxc5
Rxh1 41. Ra5 Rh2 42. Nb3 Rg2 43. Kd4 Rxg3 44. Ra6+ Ke7 45. Nc5 Rg1 46. Rxe6+ Kf7
47. Ra6 Rd1+ 48. Ke5 d4 49. Rxa7+ Kg6 50. Ra6+ Kh5 51. Kf6 d3 52. Rd6 d2 53. Nb3
Rf1 54. Rxd2 Kh4 55. Ke5 Re1+ 56. Kd4 Re4+ 57. Kd5 Rxf4 58. Nd4 Rf1 59. Ra2 f4
60. Ke4 f3 61. Kf4 Kh3 62. a4 f2 63. Ke3 Kg3 0-1

[Event "European Blitz 2016"]
[Site "Tallinn EST"]
[Date "2016.12.17"]
[Round "3.4"]
[White "Bortnyk, Olexandr"]
[Black "Muter, Donny"]
[Result "1-0"]
[WhiteTitle "GM"]
[WhiteElo "2581"]
[BlackElo "2206"]
[WhiteFideId "14120828"]
[BlackFideId "409170"]
[EventDate "2016.12.17"]

1. e4 c5 2. Nf3 e6 3. b3 Nc6 4. Bb2 d6 5. d4 cxd4 6. Nxd4 Nf6 7. Nxc6 bxc6 8. e5
dxe5 9. Qxd8+ Kxd8 10. Bxe5 Bb4+ 11. c3 Bc5 12. Be2 Ke7 13. Bf3 Bd7 14. Nd2 Nd5
15. Ne4 Bb6 16. Bxg7 f5 17. Nd2 Rhg8 18. Be5 Rad8 19. Nc4 Bc7 20. Bxc7 Nxc7 21.
O-O-O Nd5 22. Kc2 Nf4 23. Ne5 Be8 24. Rxd8 Kxd8 25. Nxc6+ Bxc6 26. Bxc6 Kc7 27.
g3 Nh3 28. Bf3 Nxf2 29. Re1 Kd6 30. c4 Rc8 31. Re2 Nh3 32. Kc3 e5 33. Rd2+ Ke7
34. Bd5 e4 35. b4 Kf6 36. a4 Ng1 37. Rf2 Ke5 38. a5 h5 39. b5 h4 40. b6 hxg3 41.
hxg3 axb6 42. axb6 Nf3 43. b7 Rb8 44. Ra2 Kd6 45. Ra6+ Kd7 46. Rf6 Ne5 47. Rxf5
Kd6 48. Bxe4 1-0

[Event "European Blitz 2016"]
[Site "Tallinn EST"]
[Date "2016.12.17"]
[Round "3.5"]
[White "Kalinin, Michail Borisovich"]
[Black "Onischuk, Vladimir"]
[Result "0-1"]
[BlackTitle "GM"]
[WhiteElo "2380"]
[BlackElo "2601"]
[WhiteFideId "4144104"]
[BlackFideId "14114038"]
[EventDate "2016.12.17"]

1. d4 d6 2. Nf3 g6 3. b3 Bg7 4. Bb2 Nf6 5. e3 O-O 6. Be2 e5 7. c4 Nc6 8. a3 Re8
9. b4 exd4 10. Nxd4 Nxd4 11. Bxd4 c5 12. Bb2 Ne4 13. Bxg7 Kxg7 14. O-O Qf6 15.
Ra2 a5 16. b5 b6 17. Qc1 Bb7 18. Bf3 Rad8 19. Rd1 d5 20. Bxe4 Rxe4 21. Nc3 Rxc4
22. Rc2 Qg5 23. Ne2 d4 24. Nf4 Rxc2 25. Qxc2 Qe5 26. Nd3 Qe4 27. Ne1 Qxc2 28.
Nxc2 d3 0-1

[Event "European Blitz 2016"]
[Site "Tallinn EST"]
[Date "2016.12.17"]
[Round "3.6"]
[White "Andriasian, Zaven"]
[Black "Sysolyatin, Evgeny"]
[Result "1-0"]
[WhiteTitle "GM"]
[BlackTitle "FM"]
[WhiteElo "2621"]
[BlackElo "2289"]
[WhiteFideId "13302000"]
[BlackFideId "4154916"]
[EventDate "2016.12.17"]

1. e4 e5 2. Nf3 Nc6 3. Bc4 Bc5 4. O-O Nf6 5. d3 d6 6. c3 Bb6 7. Nbd2 Qe7 8. Bb3
O-O 9. h3 Nd8 10. Nc4 Ne6 11. Re1 Bd7 12. Nxb6 axb6 13. d4 Nf4 14. Bxf4 exf4 15.
e5 Nh5 16. Qd3 g6 17. Rad1 Rae8 18. Nd2 dxe5 19. Rxe5 Qf6 20. Rde1 Bf5 21. Qf3
Rxe5 22. Rxe5 Bc8 23. Ne4 Qc6 24. Bd5 Qa4 25. Ng5 Ng7 26. Qxf4 Qd1+ 27. Kh2 Be6
28. Bf3 Qc2 29. Ne4 f5 30. Ng5 Bxa2 31. Re7 Qb3 32. Qxc7 1-0

[Event "European Blitz 2016"]
[Site "Tallinn EST"]
[Date "2016.12.17"]
[Round "3.7"]
[White "Vorobjov, Pavel"]
[Black "Andreikin, Dmitry"]
[Result "0-1"]
[BlackTitle "GM"]
[WhiteElo "2223"]
[BlackElo "2737"]
[WhiteFideId "4500989"]
[BlackFideId "4158814"]
[EventDate "2016.12.17"]

1. Nf3 b5 2. c3 Bb7 3. a4 a6 4. Qb3 c6 5. e4 e6 6. d4 d5 7. Nbd2 Nf6 8. e5 Nfd7
9. axb5 cxb5 10. Bd3 Nc6 11. O-O Be7 12. Re1 Nb6 13. Qc2 Qc7 14. Nb3 Nc4 15. Bg5
Bf8 16. h4 h6 17. Bf4 Be7 18. h5 Qb6 19. Nc1 b4 20. Bxc4 dxc4 21. d5 exd5 22. e6
O-O 23. exf7+ Rxf7 24. Be3 d4 25. Nxd4 Nxd4 26. Bxd4 Qc6 27. Qg6 Bf6 28. Ne2
Raf8 29. f3 Qb5 30. Bf2 Qg5 31. Qxg5 hxg5 32. Nd4 g4 33. Ne6 bxc3 34. Nxf8 cxb2
35. Rab1 Rxf8 36. Bg3 c3 37. Re2 gxf3 0-1

[Event "European Blitz 2016"]
[Site "Tallinn EST"]
[Date "2016.12.17"]
[Round "3.8"]
[White "Zhigalko, Sergei"]
[Black "Mustaps, Matiss"]
[Result "0-1"]
[WhiteTitle "GM"]
[BlackTitle "FM"]
[WhiteElo "2671"]
[BlackElo "2302"]
[WhiteFideId "13502956"]
[BlackFideId "11602295"]
[EventDate "2016.12.17"]

1. e4 c5 2. Nf3 d6 3. d4 cxd4 4. Qxd4 Nc6 5. Bb5 Bd7 6. Bxc6 Bxc6 7. Nc3 h6 8.
Qd3 Nf6 9. Nd4 g6 10. f3 Bg7 11. Be3 O-O 12. O-O-O Rc8 13. g4 Qa5 14. Kb1 Nd7
15. Qd2 Ne5 16. Nd5 Qd8 17. b3 e6 18. Nc3 Nxf3 19. Nxf3 Bxc3 20. Qd3 Bg7 21. Bd4
e5 22. Be3 Qe7 23. Rhg1 d5 24. Nd2 d4 25. Bf2 a6 26. Qf3 Bb5 27. h4 Qa3 28. Ka1
Rxc2 0-1

[Event "European Blitz 2016"]
[Site "Tallinn EST"]
[Date "2016.12.17"]
[Round "3.10"]
[White "Vitiugov, Nikita"]
[Black "Sgircea, Silvia-Raluca"]
[Result "1-0"]
[WhiteTitle "GM"]
[BlackTitle "WIM"]
[WhiteElo "2726"]
[BlackElo "2276"]
[WhiteFideId "4152956"]
[BlackFideId "1213776"]
[EventDate "2016.12.17"]

1. d4 d5 2. Bf4 Nf6 3. e3 e6 4. c4 Bd6 5. Bxd6 Qxd6 6. Nc3 O-O 7. Nf3 b6 8. cxd5
exd5 9. Qc2 c5 10. Rc1 Nbd7 11. Bd3 Bb7 12. O-O Rac8 13. Bf5 a6 14. a4 Rc7 15.
Rfd1 Rfc8 16. Ne5 g6 17. Bh3 Rd8 18. Nxd7 Nxd7 19. dxc5 bxc5 20. Nxd5 Bxd5 21.
e4 Nf6 22. exd5 Nxd5 23. g3 Qe7 24. Bg2 Nb4 25. Rxd8+ Qxd8 26. Qe2 Qd7 27. b3
Kg7 28. Qe5+ f6 29. Qe3 Qd6 30. h4 Nd5 31. Qd2 Rd7 32. Rd1 1-0

[Event "European Blitz 2016"]
[Site "Tallinn EST"]
[Date "2016.12.17"]
[Round "3.11"]
[White "Solberg, Joachim"]
[Black "Riazantsev, Alexander"]
[Result "0-1"]
[WhiteTitle "CM"]
[BlackTitle "GM"]
[WhiteElo "2218"]
[BlackElo "2671"]
[WhiteFideId "1502930"]
[BlackFideId "4125029"]
[EventDate "2016.12.17"]

1. e4 c6 2. d4 d5 3. exd5 cxd5 4. c4 Nf6 5. Nc3 e6 6. Nf3 Bb4 7. cxd5 Nxd5 8.
Bd2 Nc6 9. Bd3 O-O 10. O-O Be7 11. a3 Bf6 12. Nxd5 Qxd5 13. Bc3 Bd7 14. Qc2 h6
15. Be4 Qd6 16. Rad1 Rad8 17. d5 exd5 18. Rxd5 Qe7 19. Re1 Be6 20. Rxd8 Rxd8 21.
Bxf6 Qxf6 22. b4 Bg4 23. h3 Bxf3 24. Bxf3 Nd4 25. Qe4 Nxf3+ 26. Qxf3 Qxf3 27.
gxf3 Rd3 28. Re3 Rxe3 29. fxe3 f5 30. Kf2 Kf7 31. Kg3 g5 32. h4 Ke6 33. hxg5
hxg5 34. Kf2 Kd5 35. Ke2 Kc4 0-1

[Event "European Blitz 2016"]
[Site "Tallinn EST"]
[Date "2016.12.17"]
[Round "3.12"]
[White "Matlakov, Maxim"]
[Black "Agafonov, Yuri"]
[Result "1-0"]
[WhiteTitle "GM"]
[WhiteElo "2694"]
[BlackElo "2134"]
[WhiteFideId "4168003"]
[BlackFideId "11602104"]
[EventDate "2016.12.17"]

1. Nf3 Nf6 2. g3 d5 3. Bg2 Bf5 4. c4 e6 5. Qb3 b6 6. O-O Be7 7. Nc3 c6 8. d4 h6
9. Bf4 O-O 10. Rac1 Ne4 11. Rfd1 Nxc3 12. bxc3 Nd7 13. Qa4 Qc8 14. cxd5 b5 15.
Qb3 exd5 16. Nd2 Nf6 17. a4 a6 18. Re1 Ne4 19. Nxe4 Bxe4 20. Bxe4 dxe4 21. c4
bxa4 22. Qxa4 a5 23. d5 Bb4 24. Red1 cxd5 25. cxd5 Qg4 26. d6 g5 27. Be3 f5 28.
Rc7 Rf7 29. Qb3 Rf8 30. Rxf7 Rxf7 31. d7 1-0

[Event "European Blitz 2016"]
[Site "Tallinn EST"]
[Date "2016.12.17"]
[Round "3.13"]
[White "Orndahl, Markus"]
[Black "Kovalenko, Igor"]
[Result "0-1"]
[BlackTitle "GM"]
[WhiteElo "2155"]
[BlackElo "2684"]
[WhiteFideId "1709135"]
[BlackFideId "14117908"]
[EventDate "2016.12.17"]

1. e4 c5 2. Nf3 Nc6 3. Bb5 g6 4. Bxc6 bxc6 5. O-O Bg7 6. Re1 Nh6 7. h3 O-O 8. c3
f5 9. e5 Nf7 10. d4 cxd4 11. cxd4 c5 12. dxc5 Qc7 13. Nc3 Bb7 14. Bf4 e6 15. b4
h6 16. h4 Rab8 17. Nb5 Qc6 18. a4 g5 19. hxg5 hxg5 20. Nxa7 Qa6 21. Nxg5 Nxg5
22. Bxg5 Qxa7 23. Be7 Bd5 24. Bxf8 Kxf8 25. Qd2 Qb7 26. f3 Qxb4 27. Qxb4 Rxb4
28. a5 Rb7 29. a6 Ra7 30. Kf2 Kf7 31. f4 Bf8 32. Rec1 Be7 33. g3 Bc6 34. Ke3 Bb5
35. Rcb1 Rxa6 36. Rxa6 Bxc5+ 37. Kf3 Bxa6 38. g4 fxg4+ 39. Kxg4 Be2+ 40. Kg3 Ke7
41. Re1 Bd3 42. Rd1 Bf5 43. Rc1 Bb6 44. Rd1 Bc7 45. Rd2 Kd8 46. Rd1 Kc8 47. Rc1
Kb7 48. Rd1 Kc8 49. Rc1 Be4 50. Rd1 Bb6 51. Rc1+ Kb7 52. Rd1 Kc6 53. Rc1+ Bc5
54. Rd1 Bf5 55. Rc1 Be4 56. Rd1 Kc7 57. Rc1 Kc6 58. Rd1 Bf5 59. Rc1 d6 60. exd6
Kxd6 61. Rd1+ Ke7 62. Rc1 Kd6 63. Rd1+ Kc6 64. Rc1 Kd5 65. Rd1+ Bd4 66. Re1 Kc4
67. Rd1 Kc3 68. Rc1+ Kd2 69. Rc6 Ke2 70. Ra6 Bf2+ 71. Kg2 Be1 72. Ra2+ Ke3 73.
Ra1 Bh4 74. Ra4 Be1 75. Ra1 Be4+ 76. Kh3 Bf5+ 77. Kg2 Bh4 78. Ra4 Bg4 79. Rb4
Be1 80. Ra4 Bf5 81. Kf1 Bg3 82. Kg2 Bxf4 83. Ra3+ Ke4 84. Ra4+ Ke3 85. Ra3+ Bd3
86. Ra4 e5 0-1

[Event "European Blitz 2016"]
[Site "Tallinn EST"]
[Date "2016.12.17"]
[Round "3.14"]
[White "Wojtaszek, Radoslaw"]
[Black "Chukavin, Kirill"]
[Result "1-0"]
[WhiteTitle "GM"]
[WhiteElo "2749"]
[BlackElo "2096"]
[WhiteFideId "1118358"]
[BlackFideId "4503023"]
[EventDate "2016.12.17"]

1. e4 c5 2. Nc3 Nc6 3. Nf3 d6 4. d4 cxd4 5. Nxd4 Nf6 6. f3 e5 7. Nb3 Be7 8. Be3
O-O 9. Qd2 a5 10. Bb5 Na7 11. Be2 Nc6 12. Bb5 Na7 13. Bd3 Nc6 14. a3 Be6 15. Rd1
a4 16. Nc1 Qa5 17. O-O Rfd8 18. Qf2 Nd7 19. N1e2 Nc5 20. Nd5 Bxd5 21. exd5 Nb8
22. Bxc5 Qxc5 23. Qxc5 dxc5 24. Nc3 Nd7 25. d6 Bxd6 26. Bxh7+ Kxh7 27. Rxd6 Nf6
28. Rfd1 Rxd6 29. Rxd6 Kg8 30. Kf2 Ne8 31. Rb6 Rd8 32. Rxb7 Rd2+ 33. Ke3 Rxc2
34. Rb8 Kf8 35. Nd5 c4 36. Nc7 Ke7 37. Nxe8 Rxg2 38. Nc7 Rxh2 39. Nd5+ Kd6 40.
Nc3 f5 41. Nxa4 f4+ 42. Ke4 Re2+ 43. Kf5 Re3 44. Kg4 g5 45. Nc3 Ke6 46. Rb6+ 1-0

[Event "European Blitz 2016"]
[Site "Tallinn EST"]
[Date "2016.12.17"]
[Round "3.15"]
[White "Rigopoulos-Tsigkos, Alexandros"]
[Black "Saric, Ivan"]
[Result "0-1"]
[BlackTitle "GM"]
[WhiteElo "2111"]
[BlackElo "2652"]
[WhiteFideId "4215109"]
[BlackFideId "14508150"]
[EventDate "2016.12.17"]

1. e4 g6 2. d4 d6 3. Nc3 Bg7 4. Be3 Nf6 5. Qd2 Nc6 6. h4 Ng4 7. d5 Nxe3 8. Qxe3
Ne5 9. h5 c6 10. hxg6 hxg6 11. Rxh8+ Bxh8 12. Qh6 Bf6 13. Be2 Qb6 14. O-O-O Qxf2
15. Qh7 Kf8 16. Nf3 Nxf3 17. Bxf3 Qh4 18. Qxh4 Bxh4 19. e5 c5 20. exd6 exd6 21.
Nb5 Bg3 22. Nc7 Rb8 23. a4 a6 24. Rd3 Bd7 25. a5 Rc8 0-1

[Event "European Blitz 2016"]
[Site "Tallinn EST"]
[Date "2016.12.17"]
[Round "3.16"]
[White "Alekseev, Evgeny"]
[Black "Antoms, Guntars"]
[Result "1-0"]
[WhiteTitle "GM"]
[BlackTitle "IM"]
[WhiteElo "2632"]
[BlackElo "2349"]
[WhiteFideId "4138147"]
[BlackFideId "11601469"]
[EventDate "2016.12.17"]

1. e4 d5 2. exd5 Qxd5 3. d4 Nf6 4. c4 Qd8 5. Nc3 c6 6. Nf3 Bg4 7. Be2 e6 8. h3
Bxf3 9. Bxf3 Be7 10. O-O O-O 11. Qb3 Nbd7 12. Qxb7 Nb6 13. c5 Nbd5 14. Qxc6 Nb4
15. Qxa8 Qxd4 16. Be3 Qc4 17. Qxa7 Re8 18. Qa4 h6 19. Rad1 1-0

[Event "European Blitz 2016"]
[Site "Tallinn EST"]
[Date "2016.12.17"]
[Round "3.17"]
[White "Rozhko, Dmitry"]
[Black "Movsesian, Sergei"]
[Result "1-0"]
[WhiteTitle "FM"]
[BlackTitle "GM"]
[WhiteElo "2324"]
[BlackElo "2673"]
[WhiteFideId "4150430"]
[BlackFideId "310204"]
[EventDate "2016.12.17"]

1. d4 Nf6 2. Nf3 g6 3. Bg5 Bg7 4. c3 O-O 5. Nbd2 d6 6. e4 c5 7. dxc5 dxc5 8. Bc4
Nc6 9. Qe2 h6 10. Bh4 Nh5 11. Qe3 Qb6 12. Rb1 Na5 13. Bxe7 Re8 14. Bxc5 Qc7 15.
O-O b6 16. Bd5 bxc5 17. Bxa8 Ba6 18. Bd5 Bxf1 19. Rxf1 Nf6 20. Qd3 g5 21. Nc4
Nxc4 22. Qxc4 Qe7 23. e5 Nxd5 24. Qxd5 g4 25. Ne1 Qxe5 26. Qxe5 Rxe5 27. Nd3 Re2
28. Rb1 c4 29. Nf4 Rd2 30. g3 Bf8 31. Kf1 Bc5 32. Ne2 a5 33. Ke1 Rd3 34. Rc1 a4
35. Rc2 Kf8 36. Nf4 Rd6 37. Rd2 Rxd2 38. Kxd2 Bxf2 39. Ke2 Bg1 40. Nd5 h5 41.
Ne3 Bxh2 42. Kf2 h4 43. gxh4 Bc7 44. Nxc4 f5 45. b4 axb3 46. axb3 f4 47. Nd2
Bb6+ 48. Kg2 Kg7 49. c4 Kg6 50. b4 Be3 51. Nf1 Bd2 1-0

[Event "European Blitz 2016"]
[Site "Tallinn EST"]
[Date "2016.12.17"]
[Round "3.18"]
[White "Ponkratov, Pavel"]
[Black "Nestor, Kaarel"]
[Result "1-0"]
[WhiteTitle "GM"]
[WhiteElo "2607"]
[BlackElo "2114"]
[WhiteFideId "4157800"]
[BlackFideId "4502345"]
[EventDate "2016.12.17"]

1. e4 e6 2. d4 d5 3. Bd3 dxe4 4. Bxe4 Nd7 5. Ne2 c5 6. O-O Ngf6 7. Bf3 cxd4 8.
Nxd4 a6 9. c4 Be7 10. Nc3 O-O 11. Re1 Qc7 12. b3 Rd8 13. Qe2 Bc5 14. Nc2 Nf8 15.
Bg5 Be7 16. Rad1 h6 17. Bc1 Bd7 18. Nd4 Bb4 19. Bb2 Rac8 20. Rc1 Be8 21. Nc2 Bd6
22. g3 Bc6 23. Nd4 Bxf3 24. Nxf3 Bb4 25. a3 Bc5 26. b4 Be7 27. c5 Ng6 28. Ne4
Nxe4 29. Qxe4 Qc6 30. Qxc6 Rxc6 31. Red1 Rcc8 32. h4 f6 33. Rxd8+ Rxd8 34. c6
bxc6 35. Rxc6 Rd3 36. Nd4 Rd2 37. Bc3 Rd1+ 38. Kg2 e5 39. Nf5 Rd3 40. h5 Nf8 41.
Nxe7+ Kf7 42. Nf5 Ne6 43. a4 e4 44. Nd6+ Ke7 45. Nxe4 Kd7 46. Rxe6 1-0

[Event "European Blitz 2016"]
[Site "Tallinn EST"]
[Date "2016.12.17"]
[Round "3.19"]
[White "Wege, Jochen"]
[Black "Munoz, Miguel"]
[Result "0-1"]
[WhiteTitle "FM"]
[BlackTitle "GM"]
[WhiteElo "2295"]
[BlackElo "2473"]
[WhiteFideId "4620488"]
[BlackFideId "3800229"]
[EventDate "2016.12.17"]

1. e4 d5 2. exd5 Qxd5 3. Nc3 Qa5 4. g3 Bd7 5. Bg2 Bc6 6. Nf3 Nf6 7. O-O e6 8. a3
Nbd7 9. Rb1 Qh5 10. b4 a6 11. Nh4 Bxg2 12. Qxh5 Nxh5 13. Nxg2 O-O-O 14. d3 Ne5
15. Nf4 Nxf4 16. Bxf4 Nf3+ 17. Kg2 Nd4 18. Rb2 f6 19. Be3 Nf5 20. Ne4 h5 21. h4
Bd6 22. Bc5 Be5 23. Rbb1 Rd7 24. f4 Bd4 25. Bxd4 Nxd4 26. Rf2 Re8 27. c3 Nb5 28.
a4 Nd6 29. Nc5 Rde7 30. d4 e5 31. fxe5 fxe5 32. dxe5 Rxe5 33. Rbf1 a5 34. Nd3
Re3 35. Rf3 axb4 36. cxb4 R3e4 37. Rf4 g6 38. Rxe4 Nxe4 39. Re1 Rd8 40. Rxe4
Rxd3 41. a5 Rb3 42. Rc4 Kd7 43. Re4 Kd6 44. Rf4 Ke5 45. Rc4 c6 46. a6 bxa6 47.
Rxc6 Kf5 48. Rxa6 Rxb4 49. Ra3 Kg4 50. Rc3 Rb2+ 51. Kg1 Kh3 52. Ra3 Rg2+ 53. Kh1
Rxg3 54. Ra4 Rg4 55. Ra3+ Kxh4 56. Rh3+ Kg5 57. Ra3 Rf4 58. Kg2 h4 59. Ra5+ Kg4
60. Ra3 g5 61. Kh2 Rf2+ 62. Kg1 Rf3 63. Ra4+ Kg3 64. Ra2 h3 65. Rg2+ Kh4 66. Ra2
g4 67. Ra7 Kg3 68. Ra2 h2+ 69. Rxh2 Rf1+ 0-1

[Event "European Blitz 2016"]
[Site "Tallinn EST"]
[Date "2016.12.17"]
[Round "3.20"]
[White "Kozul, Zdenko"]
[Black "Valner, Uku"]
[Result "1-0"]
[WhiteTitle "GM"]
[WhiteElo "2613"]
[BlackElo "2212"]
[WhiteFideId "14502879"]
[BlackFideId "4502205"]
[EventDate "2016.12.17"]

1. Nf3 e6 2. g3 b6 3. Bg2 Bb7 4. O-O Nf6 5. d3 d5 6. e4 Be7 7. Re1 c5 8. exd5
Bxd5 9. c4 Bc6 10. Ne5 Bxg2 11. Kxg2 Qc8 12. Qf3 Nbd7 13. Nc6 Bd6 14. Nc3 a6 15.
d4 cxd4 16. Nxd4 O-O 17. Nc6 Qc7 18. b4 Ne5 19. Nxe5 Bxe5 20. Bb2 Nd7 21. Rad1
Bf6 22. Na4 Bxb2 23. Nxb2 Rac8 24. a3 Ne5 25. Qf4 Nxc4 26. Nxc4 Qxf4 27. gxf4
Rxc4 28. Rd6 Rb8 29. f5 Rc3 30. fxe6 fxe6 31. Rexe6 Rxa3 32. Rd7 Rb3 33. Ree7
Rxb4 34. Rxg7+ Kf8 35. Rdf7+ Ke8 36. Ra7 Kf8 37. Rxh7 Kg8 38. Rag7+ Kf8 39. Ra7
Kg8 40. h4 a5 41. h5 Rg4+ 42. Kh3 Rg5 43. h6 Rf8 44. Rhb7 Rg6 45. Kh4 Rg1 46.
h7+ Kh8 47. Rxb6 Rh1+ 48. Kg3 Rxh7 49. Rba6 Rxa7 50. Rxa7 Rf5 51. f4 Kg8 52. Kg4
Rb5 53. f5 Kf8 54. Kg5 Rc5 55. Kg6 Rc1 56. Ra8+ Ke7 57. f6+ Kd7 58. Rxa5 Rc6 59.
Kf7 Kd6 60. Ra1 Rc7+ 61. Kg6 Rc6 62. Rd1+ Ke6 63. Re1+ Kd5 64. Kg7 1-0

[Event "European Blitz 2016"]
[Site "Tallinn EST"]
[Date "2016.12.17"]
[Round "3.21"]
[White "Montilla Carrillo, Esteban"]
[Black "Vallejo Pons, Francisco"]
[Result "0-1"]
[WhiteTitle "FM"]
[BlackTitle "GM"]
[WhiteElo "2177"]
[BlackElo "2711"]
[WhiteFideId "2208261"]
[BlackFideId "2205530"]
[EventDate "2016.12.17"]

1. Nf3 e6 2. c4 Nf6 3. Nc3 b6 4. d4 Bb4 5. e3 Ne4 6. Qc2 Bxc3+ 7. bxc3 Bb7 8.
Bd3 f5 9. Nd2 Qh4 10. Bxe4 fxe4 11. Nf1 O-O 12. Ng3 d6 13. O-O Nd7 14. a4 Nf6
15. h3 Ba6 16. Qb3 d5 17. Re1 Bxc4 18. Qc2 a5 19. Ba3 Rf7 20. Rab1 Nh5 21. Nxh5
Qxh5 22. Qd2 Rf6 23. Qd1 Qf7 24. Rb2 Rg6 25. Kh2 Rf6 26. Kg1 Rd8 27. Qg4 Rg6 28.
Qh4 Rd7 29. Rd2 Qe8 30. Qf4 Rf7 31. Qe5 Qxa4 32. Bb2 Qd7 33. h4 Rf5 34. Qh2 Qf7
35. g3 Rg4 36. Ba3 h5 37. Rb2 Rf3 0-1

[Event "European Blitz 2016"]
[Site "Tallinn EST"]
[Date "2016.12.17"]
[Round "3.22"]
[White "Cvitan, Ognjen"]
[Black "Maisuradze, Nino"]
[Result "1-0"]
[WhiteTitle "GM"]
[BlackTitle "WGM"]
[WhiteElo "2491"]
[BlackElo "2231"]
[WhiteFideId "14500086"]
[BlackFideId "13601717"]
[EventDate "2016.12.17"]

1. d4 Nf6 2. c4 c5 3. e3 e6 4. Nc3 d5 5. Nf3 Nc6 6. a3 Be7 7. dxc5 Bxc5 8. b4
Be7 9. cxd5 exd5 10. Bb2 O-O 11. Be2 Bg4 12. O-O Rc8 13. Rc1 Re8 14. Nd4 Bxe2
15. Ncxe2 Qd7 16. Nxc6 bxc6 17. Nd4 Ne4 18. Ne2 Nd6 19. Ng3 Qe6 20. Nh5 Bf8 21.
Nf4 Qe4 22. Bd4 a6 23. Qa4 Nb5 24. Rfd1 Bd6 25. Ne2 Qh4 26. Ng3 f5 27. Qxa6 Rc7
28. Rxc6 Rxc6 29. Qxc6 Bxg3 30. Qxe8# 1-0